|
|
|
|
| LEADER |
00742cam a2200229 7i4500 |
| 001 |
0000068841 |
| 005 |
20220602090000.0 |
| 020 |
|
|
|a 9781501164163
|
| 090 |
0 |
0 |
|a PR2802
|b .B58 2017
|
| 100 |
1 |
|
|a Bloom, Harold
|
| 245 |
1 |
4 |
|a Cleopatra :
|b I am fire and air
|c Harold Bloom.
|
| 264 |
|
|
|a New York:
|b Scribner,
|c 2017.
|
| 300 |
|
|
|a xiii, 138 pages;
|c 22 cm.
|
| 336 |
|
|
|a text
|2 rdacontent
|
| 337 |
|
|
|a unmediated
|2 rdamedia
|
| 338 |
|
|
|a volume
|2 rdacarrier
|
| 490 |
0 |
|
|a Shakespeare's personalities
|
| 600 |
0 |
0 |
|a Cleopatra,
|c Queen of Egypt,
|d -30 B.C
|
| 600 |
1 |
0 |
|a Shakespeare, William,
|d 1564-1616
|
| 600 |
0 |
0 |
|a Shakespeare, William,
|d 1564-1616
|
| 997 |
|
|
|a Selangor Business School
|
| 999 |
|
|
|a SBS0000996
|b BOK
|c OPEN SHELF
|e 1st Floor, Bestari Jaya
|